LIBRARY & INFORMATION CENTRE, KCAET, TAVANUR

ONLINE PUBLIC ACCESS CATALOGUE (OPAC)

Mechanical vibrations / (Record no. 7339)

MARC details
000 -LEADER
fixed length control field 00443cam a2200181ua 4500
020 ## - INTERNATIONAL STANDARD BOOK NUMBER
ISBN 81-85240-26-4
041 ## - LANGUAGE CODE
Language code of text/sound track or separate title eng
082 ## - DEWEY DECIMAL CLASSIFICATION NUMBER
Classification number 620.3
Item number GRO/ME
100 ## - MAIN ENTRY--AUTHOR NAME
Personal name Grover, G K .
245 ## - TITLE STATEMENT
Title Mechanical vibrations /
250 ## - EDITION STATEMENT
Edition statement 4 /
260 ## - PUBLICATION, DISTRIBUTION, ETC. (IMPRINT)
Place of publication Roorkee :
Name of publisher Nem Chand And Bros ,
Year of publication 1989.
300 ## - PHYSICAL DESCRIPTION
Number of Pages 468 ; .
942 ## - ADDED ENTRY ELEMENTS (KOHA)
Koha item type Books
Holdings
Withdrawn status Lost status Damaged status Home library Current library Date acquired Full call number Accession Number Koha item type
      KAUAET KAUAET 07/04/2012 620.3 18072 Books
free website counter